|
|
|
|
| LEADER |
01971cas a2200253 a 4500 |
| 001 |
AALejournalIMF017828 |
| 008 |
230101c9999 xx r poo 0 0eng d |
| 020 |
|
|
|c 5.00 USD
|
| 020 |
|
|
|z 9781484311424
|
| 022 |
|
|
|a 1018-5941
|
| 040 |
|
|
|a BD-DhAAL
|c BD-DhAAL
|
| 100 |
1 |
|
|a Csonto, Balazs.
|
| 245 |
1 |
0 |
|a Uphill Capital Flows and the International Monetary System /
|c Balazs Csonto, Camilo Tovar Mora.
|
| 264 |
|
1 |
|a Washington, D.C. :
|b International Monetary Fund,
|c 2017.
|
| 300 |
|
|
|a 1 online resource (30 pages)
|
| 490 |
1 |
|
|a IMF Working Papers
|
| 500 |
|
|
|a <strong>Off-Campus Access:</strong> No User ID or Password Required
|
| 500 |
|
|
|a <strong>On-Campus Access:</strong> No User ID or Password Required
|
| 506 |
|
|
|a Electronic access restricted to authorized BRAC University faculty, staff and students
|
| 520 |
3 |
|
|a Uphill capital flows constitute a key transmission channel through which reserve accumulation can distort the stability of the international monetary system. This paper examines and quantifies the importance of this transmission channel by examining how foreign official purchases of U.S. Treasuries influences the U.S. yield curve at different maturities. Our findings suggest that a percentage point increase in foreign official holdings relative to outstanding marketable securities reduces the term premium by 2.0-2.4 basis points at maturities of 2-3 years. These estimates are then used to gauge the role of a global policy in reducing excess reserve accumulation?e.g., a composite global reserve asset or through global liquidity facilities. Findings show that a policy that reduces the demand for Treasuries by USD 100 billion would increase yields by 1.5-1.8 basis points.
|
| 538 |
|
|
|a Mode of access: Internet
|
| 700 |
1 |
|
|a Tovar Mora, Camilo.
|
| 830 |
|
0 |
|a IMF Working Papers; Working Paper ;
|v No. 2017/174
|
| 856 |
4 |
0 |
|z Full text available on IMF
|u http://elibrary.imf.org/view/journals/001/2017/174/001.2017.issue-174-en.xml
|z IMF e-Library
|